000 00439nam a22001697a 4500
999 _c2407
_d2407
008 200228b ||||| |||| 00| 0 eng d
082 0 0 _a359
_bH6886
100 _91991
_aHodges, H. W.
245 1 0 _aSelect naval documents
_cby H. W. Hodges
250 _a2nd ed.
260 _aCambridge
_bCambridge University press
_c1936
300 _axii,227 p.
365 _d9.06
650 0 _aRoyal Navy
700 _92004
_aHughes, E. A.
942 _cBK